El crimen de la Legación Alemana

Gespeichert in:
Bibliographische Detailangaben
1. Verfasser: Benadava Cattan, Santiago (VerfasserIn)
Format: Buch
Sprache:Spanisch
Veröffentlicht: Santiago Universitaria 1986
Ausgabe:1a. ed
Schlagworte:
Tags: Tag hinzufügen
Keine Tags, Fügen Sie den ersten Tag hinzu!

MARC

LEADER 00000cam a2200000 a 4500
001 UCC5809
003 CL-VaPUC
008 181031e19860000cl |||||||||||||||||spa|d
082 0 4 |a 364.0983  |b BEN  |2 21 
100 0 |a Benadava Cattan, Santiago  |e author  |9 531624 
245 1 3 |a El crimen de la Legación Alemana 
250 |a 1a. ed 
300 |a 132 p 
942 |c BK 
945 |d 20181031 17:21:00  |a dcastane 
260 |a Santiago  |b Universitaria  |c 1986 
650 0 |a Criminología  |9 256168 
650 0 |a Crímenes   |9 225419 
650 0 |a Apropiación indebida  |9 462450 
583 |a last modification  |c 20190806 12:23:32  |k Rodrigo Vera 
999 |c 372918  |d 372916 
952 |0 0  |1 0  |3 erb  |4 0  |6 364_098300000000000_BEN_1986  |7 0  |8 A  |9 490802  |a BIBDER  |b BIBDER  |e Mateluna Arestizabal, Alfredo Sergio  |i 5491479  |o 364.0983 BEN 1986  |p 5491479  |r 2023-01-25  |w 2019-11-24  |y BK  |z Catalogado en:20181031  |k DER